Small and Stable Pancreatic Cysts Are Reassuring During Surveillance Results From the PACYFIC Trial /
Pancreatic cysts are increasingly discovered on imaging studies performed for unrelated conditions. Currently, surveillance of these lesions poses a substantial burden on patients, and health care recourses. We hypothesized that individuals with small and stable cysts have a diminutive risk of progr...
Elmentve itt :
| Szerzők: | |
|---|---|
| Dokumentumtípus: | Cikk |
| Megjelent: |
2025
|
| Sorozat: | UNITED EUROPEAN GASTROENTEROLOGY JOURNAL
13 No. 6 |
| Tárgyszavak: | |
| doi: | 10.1002/ueg2.70043 |
| mtmt: | 36204333 |
| Online Access: | http://publicatio.bibl.u-szeged.hu/37092 |
| LEADER | 03372nab a2200409 i 4500 | ||
|---|---|---|---|
| 001 | publ37092 | ||
| 005 | 20251104161838.0 | ||
| 008 | 250624s2025 hu o 000 eng d | ||
| 022 | |a 2050-6406 | ||
| 024 | 7 | |a 10.1002/ueg2.70043 |2 doi | |
| 024 | 7 | |a 36204333 |2 mtmt | |
| 040 | |a SZTE Publicatio Repozitórium |b hun | ||
| 041 | |a eng | ||
| 100 | 1 | |a Levink Iris J M | |
| 245 | 1 | 0 | |a Small and Stable Pancreatic Cysts Are Reassuring During Surveillance |h [elektronikus dokumentum] : |b Results From the PACYFIC Trial / |c Levink Iris J M |
| 260 | |c 2025 | ||
| 300 | |a 971-981 | ||
| 490 | 0 | |a UNITED EUROPEAN GASTROENTEROLOGY JOURNAL |v 13 No. 6 | |
| 520 | 3 | |a Pancreatic cysts are increasingly discovered on imaging studies performed for unrelated conditions. Currently, surveillance of these lesions poses a substantial burden on patients, and health care recourses. We hypothesized that individuals with small and stable cysts have a diminutive risk of progressing to high-grade dysplasia (HGD) or pancreatic cancer (PC) that is similar to that in the general population.This nested PACYFIC-study is a collaboration among 44 centers in Europe and Northern-America, and investigates the risk of HGD and PC for different cyst sizes and growth rates in participants without baseline worrisome features (WF) or high-risk stigmata (HRS).Of the 2369 PACYFIC participants, 975 met the inclusion criteria, with a mean age of 67 years (SD 13) and 65% being female. Of these, 438 individuals (45%) had a baseline small cyst size (< 15 mm), and 885 (91%) individuals had a slow growth rate (< 2.5 mm/year). During a median follow-up of 45 months (IQR 27), 20 individuals (2.1%) developed HGD, or PC. Individuals with small cysts had a 1.5-fold lower risk of developing WF or HRS (hazard ratio [HR] 0.7 [0.5-1.0], p = 0.03) than those with larger cysts but a similar risk of developing HGD or PC (p > 0.05). Slow growth was protective against the development of WF or HRS (HR 0.4 [0.2-0.6], p < 0.001) and HGD or PC (HR 0.04 [95% CI 0.02-0.12], p < 0.001). Individuals with small, stable sized cysts without baseline WF or HRS did not have a higher risk of HGD or PC than the general population (standardized incidence ratio [SIR] 1.13 [95% CI 0.01-6.30]).Cyst size < 15 mm and growth rate < 2.5 mm/year appear to be "reassuring" features associated with a negligible risk of developing WF or HRS and HGD or PC. For cysts with these characteristics-and without baseline WF or HRS-less intensive surveillance (than currently recommended) or even cessation may be appropriate. | |
| 650 | 4 | |a Klinikai orvostan | |
| 700 | 0 | 1 | |a Sprij Marloes L J A |e aut |
| 700 | 0 | 1 | |a Koopmann Brechtje D M |e aut |
| 700 | 0 | 1 | |a Meziani Jihane |e aut |
| 700 | 0 | 1 | |a Jaarsma Sanne |e aut |
| 700 | 0 | 2 | |a van Riet Priscilla A |e aut |
| 700 | 0 | 2 | |a Overbeek Kasper A |e aut |
| 700 | 0 | 2 | |a Gorris Myrte |e aut |
| 700 | 0 | 2 | |a Voermans Rogier P |e aut |
| 700 | 0 | 2 | |a van Hooft Jeanin E |e aut |
| 700 | 0 | 2 | |a Casadei Riccardo |e aut |
| 700 | 0 | 2 | |a Di Marco Mariacristina |e aut |
| 700 | 0 | 2 | |a Wallace Michael B |e aut |
| 700 | 0 | 2 | |a Hoogenboom Sanne A |e aut |
| 700 | 0 | 2 | |a Czakó László |e aut |
| 700 | 0 | 2 | |a Kollaborációs szervezet: PACYFIC‐Study Work Group |e aut |
| 856 | 4 | 0 | |u http://publicatio.bibl.u-szeged.hu/37092/7/36204333.pdf |z Dokumentum-elérés |
| 856 | 4 | 0 | |u http://publicatio.bibl.u-szeged.hu/37092/1/Levink.pdf |z Dokumentum-elérés |